000 00623nam a2200229Ia 4500
003 GCL
008 140319s9999 xx 000 0 eng d
040 _aGCL /
_cGCL
082 0 4 _a658.049
_bC I
100 1 _aCZINKOTA,MICHAEL
245 1 0 _aINTERNATIONAL BUSINESS, 2nd ed /
_cCZINKOTA,MICHAEL
700 1 _aRONKAINEN, IIKKA
700 1 _aRIVOLI, PIETRA
260 _a[S.N] :
_bTHE DRYDEN PRESS ،
_c1992
300 _a658 P
650 0 4 _aINTERNATIONAL FINANCE
650 0 4 _aINTERNATIONAL TRADE
650 0 4 _aINTERNATIONAL BUSINESS
650 0 4 _aINVESTMENTS, FOREIGN
650 0 4 _aENTERPRISES
942 _2ddc
_cBK
999 _c18651
_d18651